| 000 | 00382nam a22001577a 4500 | ||
|---|---|---|---|
| 020 | _a9789357328401 | ||
| 082 |
_aM3 _bAMB/A |
||
| 100 | _aAmbikasuthan Mangad | ||
| 245 |
_aAllohalan/ _cby Ambikasuthan Mangad |
||
| 260 |
_aKottayam: _bD C Books, _c2024. |
||
| 300 | _a384p. | ||
| 650 | _aNovel Malayalam | ||
| 650 | _aLiterature Malayalam | ||
| 650 | _aLiterature | ||
| 942 | _cBK | ||
| 999 |
_c181911 _d181911 |
||